000 nam a22 a 4500
999 _c188691
_d188691
003 BLK
005 20220426103533.0
008 180411b bul|||||r ||||||| ||bul||
040 _aBLK
041 _aBUL
_cBUL
080 _aБългарска литература
_b821.163.2
_x-32
_z821.163.2-32
100 1 _aЦончев, Дончо Стефанов
_eпърви автор
_9367144
139 _aЦончев, Дончо Стефанов
_bЦ 85
245 1 0 _aКуковден
_bИзбрани разкази
_cДончо Цончев ; предг. от Камен Калчев
257 _aBGR
260 _aСофия
_bБЗНС
_c1982
300 _a220 с.
_c21 см
380 _aX
500 _aИмето на авт. на предг. Петър Митев Калчев.
700 1 _aКалчев, Камен
_eпредг. от
_gКалчев, Петър Митев
_9367490
700 1 _aКалчев, Петър Митев
_e*
_9317810
852 _aЦб 117211
_bЦб
942 _cKNG
_n0
_01
_s1
944 _aCR
_c09.12.2016
_kКети_Илиева
944 _aED
_c2022-04-26
_kГГГ